000
00223 a2200097 4500
001
52274
100
_a
Bunge H J
245
_a
Texture Analysis in Materials Sc
260
_a
London
_b
Butherworths
_c
090
_c
32916
_d
32916
942
_a
NUST-CAE
_c
M
_c
25465
999
_c
287347
_d
287347